La era de las tecnicas : (Record no. 12896)

MARC details
000 -CABECERA
campo de control de longitud fija 00646nam a2200217 4500
003 - IDENTIFICADOR DEL NÚMERO DE CONTROL
campo de control OSt
005 - FECHA Y HORA DE LA ÚLTIMA TRANSACCIÓN
campo de control 20260530115302.0
008 - DATOS DE LONGITUD FIJA--INFORMACIÓN GENERAL
campo de control de longitud fija 260418b1975 ve |||| |||| 00| 0 spa d
040 ## - FUENTE DE LA CATALOGACIÓN
Centro catalogador/agencia de origen ICI
Lengua de catalogación spa
Centro/agencia transcriptor ICI
050 ## - SIGNATURA TOPOGRÁFICA DE LA BIBLIOTECA DEL CONGRESO
Número de clasificación HT391
Número de documento/Ítem G45
100 1# - ENTRADA PRINCIPAL--NOMBRE DE PERSONA
Nombre de persona George, Pierre,
Fechas asociadas al nombre 1909-2006,
9 (RLIN) 31353
245 10 - MENCIÓN DE TÍTULO
Título La era de las tecnicas :
Resto del título Construcciones o destrucciones? /
Mención de responsabilidad, etc. Tr. m. sagrera.
264 #1 - PRODUCCIÓN, PUBLICACIÓN, DISTRIBUCIÓN, FABRICACIÓN Y COPYRIGHT
Nombre del de productor, editor, distribuidor, fabricante Monte Avila,
Fecha de producción, publicación, distribución, fabricación o copyright 1975
Producción, publicación, distribución, fabricación y copyright Caracas :
300 ## - DESCRIPCIÓN FÍSICA
Extensión 199 páginas
336 ## - TIPO DE CONTENIDO
Término de tipo de contenido texto
Fuente rdacontent
337 ## - TIPO DE MEDIO
Nombre/término del tipo de medio sin medio
Fuente rdamedia
338 ## - TIPO DE SOPORTE
Nombre/término del tipo de soporte volumen
Fuente rdacarrier
650 ## - PUNTO DE ACCESO ADICIONAL DE MATERIA--TÉRMINO DE MATERIA
Término de materia o nombre geográfico como elemento de entrada Planificación regional
9 (RLIN) 31354
650 ## - PUNTO DE ACCESO ADICIONAL DE MATERIA--TÉRMINO DE MATERIA
Término de materia o nombre geográfico como elemento de entrada Urbanismo
9 (RLIN) 788
942 ## - ELEMENTOS DE PUNTO DE ACCESO ADICIONAL (KOHA)
Fuente del sistema de clasificación o colocación Library of Congress Classification
Tipo de ítem Koha

No items available.